000 00913cab a2200241 4500
001 ABS50171
008 090401t1994 xxu||||| |||| 00| 0 eng d
035 _a(Sirsi) u74481
041 _aeng
245 _aHandel and others v St Stephens Close Ltd
260 _c1994
350 _a0
490 _aEstates Gazette
_v(1994) 05 EG 159-162(4)
520 _aChD 4 March 1994. An interlocutory injunction was granted preventing the landlord from obstructing parking areas for tenants pending a trial to decide the right of the tenants to park on private areas of the block of flats.
650 _aLAW OF PROPERTY ACT 1925 S62
650 _aOBSTRUCTION
650 _aPARKING
650 _aPRIVATE ROADS
650 _aPROPERTY-RESIDENTIAL PROPERTY-RESIDENTIAL LANDLORD AND TENANT-RESIDENTIAL TENANCIES
690 _aLANDLORD AND TENANT-CASE LAW-RESIDENTIAL TENANCIES
942 _n0
948 _c04/03/1997
999 _c46972
_d46972